00915nam a22002057a 4500003000900000008004100009040007100050082001900121100002000140245003300160260008500193300003600278505023600314650002700550650003700577650002500614650002700639700003300666710001000699AR-CdUCM190306b ||||| |||| 00| 0 spa d aMUNICIPALIDAD PROVINCIAL DEL CUSCOcBIBLIOTECA MUNICIPAL DEL CUSCO a808.801 /bF76 aFortini, Franco aEl movimiento surrealista /  aMéxico : b Unión Tipográfica Editorial Hispano Americana (UTEHA), c1962. aVII, 204 páginas ; c16.5 cm. aContenido: Dificultad de una definición -- Cronología del movimiento -- Surrealismo y política -- Los precursores -- manifiestos y documentos del surrealismo -- Los poetas surrealistas -- Algunos juicios sobre surrealismo ... aSurrealismo Literatura aLiteratura surrealismo - Ensayos aAutores surrealistas aliteratos surrealistas aGerharld, Carlos (Traductor) aUTEHA